| 000 -LEADER |
| fixed length control field |
00880cam a22002295a 4500 |
| 003 - CONTROL NUMBER IDENTIFIER |
| control field |
OSt |
| 005 - DATE AND TIME OF LATEST TRANSACTION |
| control field |
20200312070109.0 |
| 008 - FIXED-LENGTH DATA ELEMENTS--GENERAL INFORMATION |
| fixed length control field |
080731s2008 nyuae b 000 0 eng |
| 020 ## - INTERNATIONAL STANDARD BOOK NUMBER |
| International Standard Book Number |
9780500342435 (hbk.) |
| 042 ## - AUTHENTICATION CODE |
| Authentication code |
lccopycat |
| 082 04 - DEWEY DECIMAL CLASSIFICATION NUMBER |
| Classification number |
721.04498 |
| Edition number |
22 |
| Item number |
DRE |
| 100 1# - MAIN ENTRY--PERSONAL NAME |
| Personal name |
Drew, Philip, |
| Dates associated with a name |
1943- |
| 245 10 - TITLE STATEMENT |
| Title |
New tent architecture / |
| Statement of responsibility, etc |
Philip Drew. |
| 260 ## - PUBLICATION, DISTRIBUTION, ETC. (IMPRINT) |
| Place of publication, distribution, etc |
New York : |
| Name of publisher, distributor, etc |
Thames & Hudson, |
| Date of publication, distribution, etc |
2008. |
| 300 ## - PHYSICAL DESCRIPTION |
| Extent |
208 p. : |
| Other physical details |
ill. (chiefly col.), plans ; |
| Dimensions |
28 cm. |
| 504 ## - BIBLIOGRAPHY, ETC. NOTE |
| Bibliography, etc |
Includes bibliographical resources (p. 202-203). |
| 505 0# - FORMATTED CONTENTS NOTE |
| Formatted contents note |
Tents as architecture new shapes, new materials -- Gravity's line -- Small peaks -- Large waves -- Rings and convertibles -- Atrium covers, fabric walls -- New interpretations. |
| 650 #0 - SUBJECT ADDED ENTRY--TOPICAL TERM |
| Topical term or geographic name as entry element |
Tensile architecture. |
| 650 #0 - SUBJECT ADDED ENTRY--TOPICAL TERM |
| Topical term or geographic name as entry element |
Tensile architecture |
| Form subdivision |
Designs and plans. |
| 650 #0 - SUBJECT ADDED ENTRY--TOPICAL TERM |
| Topical term or geographic name as entry element |
Architecture, Modern |
| Chronological subdivision |
21st century. |
| 942 ## - ADDED ENTRY ELEMENTS (KOHA) |
| Source of classification or shelving scheme |
|